[Event "CZE-chT1W 1516"]
[Site "Czech Republic"]
[Date "2015.11.15"]
[Round "3.8"]
[White "Grundman, Vaclav"]
[Black "Jinova, Lucie"]
[Result "1/2-1/2"]
[WhiteElo "2029"]
[BlackElo "2069"]
[PlyCount "96"]
[EventDate "2015.10.11"]
[EventType "team-tourn"]
[EventRounds "11"]
[EventCountry "CZE"]
[SourceTitle "CBM 169 Extra"]
[Source "ChessBase"]
[SourceDate "2015.12.18"]
[SourceVersion "1"]
[SourceVersionDate "2015.12.18"]
[SourceQuality "1"]
[WhiteTeam "Polabiny"]
[BlackTeam "Novoborsky II"]
[WhiteTeamCountry "CZE"]
[BlackTeamCountry "CZE"]

1. e4 e6 2. d4 d5 3. e5 c5 4. c3 Nc6 5. Nf3 Qb6 6. a3 Bd7 7. b4 cxd4 8. cxd4 Rc8 9. Be2 Nge7 10. 0-0 Nf5 11. Be3 Be7 12. Ra2 f6 13. Bd3 0-0 14. Bxf5 exf5 15. Nc3 Nxb4 16. axb4 Rxc3 17. Qa1 Rfc8 18. Re1 a6 19. exf6 Bxf6 20. Ne5 Bxe5 21. dxe5 d4 22. Bd2 Rc2 23. Qb1 Rxa2 24. Qxa2+ Be6 25. Qb2 a5 26. h3 Rc4 27. Rb1 a4 28. Qa3 Qb5 29. Qg3 Rc2 30. Bh6 Qd7 31. Rd1 Rc4 32. Rd3 Rc3 33. Bd2 Rxd3 34. Qxd3 Qd5 35. Qc2 Qxe5 36. Qxa4 Kf7 37. Qa8 Qd5 38. Qh8 Kg6 39. Qe8+ Bf7 40. Qe7 h6 41. Bf4 d3 42. Bd2 Qb3 43. Qd6+ Kh7 44. Qf4 Be6 45. h4 b5 46. Kh2 Qc4 47. Kg3 Kg6 48. f3 Kf7 1/2-1/2

[Event "CZE-chT rap"]
[Site "Pardubice"]
[Date "2015.07.19"]
[Round "7.5"]
[White "Spalir, Jernej"]
[Black "Grundman, Vaclav"]
[Result "1-0"]
[WhiteElo "2346"]
[BlackElo "2071"]
[PlyCount "85"]
[EventDate "2015.07.16"]
[EventType "team-swiss"]
[EventRounds "7"]
[EventCountry "CZE"]
[SourceTitle "CBM 167 Extra"]
[Source "ChessBase"]
[SourceDate "2015.09.14"]
[SourceVersion "1"]
[SourceVersionDate "2015.09.14"]
[SourceQuality "1"]

1. d4 d5 2. c4 e6 3. Nc3 Nf6 4. Nf3 Be7 5. Bf4 c6 6. e3 Nbd7 7. Bd3 0-0 8. c5 Nh5 9. 0-0 Nxf4 10. exf4 Qc7 11. g3 f6 12. Re1 e5 13. fxe5 fxe5 14. Nxe5 Nxe5 15. Rxe5 Bf6 16. Re1 Bxd4 17. Bxh7+ Kxh7 18. Qxd4 Qf7 19. f4 Bg4 20. Re5 Rae8 21. Rae1 Qf6 22. Qd3+ Bf5 23. Qf3 Qg6 24. Qd1 Bg4 25. Qd2 Rxe5 26. Rxe5 Re8 27. Rg5 Qe6 28. Qd3+ Kg8 29. Re5 Qf7 30. Qe3 Rxe5 31. Qxe5 Qg6 32. Qe3 Qc2 33. h3 Bf5 34. g4 Be4 35. Nxe4 dxe4 36. Qb3+ Qxb3 37. axb3 Kf7 38. Kf2 Ke6 39. Ke3 Kd5 40. h4 b6 41. cxb6 axb6 42. h5 c5 43. g5 1-0

[Event "CZE-chT U20 Extraliga final-A 1415"]
[Site "Czech Republic"]
[Date "2015.04.25"]
[Round "10.3"]
[White "Anaskin, Arsenij"]
[Black "Grundman, Vaclav"]
[Result "0-1"]
[WhiteElo "1979"]
[BlackElo "1944"]
[PlyCount "78"]
[EventDate "2014.10.11"]
[EventType "team-tourn"]
[EventRounds "11"]
[EventCountry "CZE"]
[SourceTitle "EXT 2021"]
[Source "ChessBase"]
[SourceDate "2020.10.23"]
[SourceVersion "1"]
[SourceVersionDate "2020.10.23"]
[SourceQuality "1"]
[WhiteTeam "Praha Promat Oaza (U20)"]
[BlackTeam "Polabiny (U20)"]
[WhiteTeamCountry "CZE"]
[BlackTeamCountry "CZE"]

1. e4 d5 2. exd5 Nf6 3. Nc3 Nxd5 4. Bc4 Nb6 5. Bb3 Nc6 6. Nge2 Bf5 7. d4 e6 8. Be3 Be7 9. 0-0 Qd7 10. Ng3 Bg6 11. Nce4 0-0-0 12. c3 h5 13. f3 h4 14. Ne2 Nd5 15. Bd2 Bf5 16. Bc2 Rhg8 17. b4 g5 18. a4 g4 19. f4 g3 20. h3 e5 21. Nc5 Bxc2 22. Qxc2 Bxc5 23. dxc5 Ndxb4 24. cxb4 Qxd2 25. Qf5+ Kb8 26. Qe4 Rge8 27. Qc4 Nd4 28. Nc3 exf4 29. Rad1 Ne2+ 30. Kh1 Qxc3 31. Qxe2 Qe3 32. Qc4 Rxd1 33. Rxd1 Qe1+ 34. Qf1 Qxf1+ 35. Rxf1 Re4 36. b5 Rxa4 37. Re1 a6 38. b6 cxb6 39. cxb6 Kc8 0-1

[Event "CZE-chT2D 1415"]
[Site "Czech Republic"]
[Date "2015.04.19"]
[Round "11.3"]
[White "Siebenburger, Vlastimil"]
[Black "Grundman, Vaclav"]
[Result "1-0"]
[WhiteElo "2095"]
[BlackElo "1944"]
[PlyCount "51"]
[EventDate "2014.11.02"]
[EventType "team-tourn"]
[EventRounds "11"]
[EventCountry "CZE"]
[SourceTitle "EXT 2022"]
[Source "ChessBase"]
[SourceDate "2021.10.06"]
[SourceVersion "1"]
[SourceVersionDate "2021.10.06"]
[SourceQuality "1"]
[WhiteTeam "Zdar nad Sazavou"]
[BlackTeam "Usti nad Orlici"]
[WhiteTeamCountry "CZE"]
[BlackTeamCountry "CZE"]

1. d4 d5 2. c4 e6 3. Nc3 Nf6 4. cxd5 exd5 5. Bg5 Be7 6. e3 c6 7. Bd3 Nbd7 8. Qc2 0-0 9. Nge2 Re8 10. Ng3 g6 11. 0-0-0 b5 12. h4 Qa5 13. h5 Nf8 14. hxg6 fxg6 15. Bh6 b4 16. Bxf8 Rxf8 17. Nce2 Kg7 18. Nf4 Qxa2 19. Bxg6 b3 20. Ngh5+ Nxh5 21. Nxh5+ Kh8 22. Nf6 Bxf6 23. Rxh7+ Kg8 24. Bf7+ Rxf7 25. Qg6+ Bg7 26. Rxg7+ 1-0

[Event "CZE-ch U16"]
[Site "Kouty nad Desnou"]
[Date "2015.03.14"]
[Round "9"]
[White "Stepan, Patrik"]
[Black "Grundman, Vaclav"]
[Result "0-1"]
[WhiteElo "2042"]
[BlackElo "1888"]
[PlyCount "80"]
[EventDate "2015.03.07"]
[EventType "swiss"]
[EventRounds "9"]
[EventCountry "CZE"]
[SourceTitle "EXT 2017"]
[Source "ChessBase"]
[SourceDate "2016.10.25"]
[SourceVersion "1"]
[SourceVersionDate "2016.10.25"]
[SourceQuality "1"]

1. d4 Nf6 2. c4 c5 3. d5 e6 4. Nc3 exd5 5. cxd5 d6 6. Nf3 g6 7. Nd2 Bg7 8. e4 0-0 9. Be2 Re8 10. 0-0 Nbd7 11. h3 a6 12. a4 Qc7 13. Qc2 Rb8 14. a5 b5 15. axb6 Rxb6 16. Nc4 Rb8 17. Bf4 Bf8 18. Ra2 Nb6 19. Na5 Bd7 20. Rfa1 c4 21. Be3 Bg7 22. Bxb6 Rxb6 23. Nxc4 Rb4 24. Rxa6 Rxc4 25. Ra7 Rxc3 26. bxc3 Qc8 27. Bf3 h5 28. R1a6 Qc5 29. Ra5 Qc4 30. Rb7 Bc8 31. Rb4 Qc7 32. Ra3 Nd7 33. Qa4 Rf8 34. Rc4 Qd8 35. Qa5 Qg5 36. h4 Qc1+ 37. Kh2 Ne5 38. Rca4 Nxf3+ 39. gxf3 Be5+ 40. Kg2 Bh3+ 0-1